Technology for technology education

Αποθηκεύτηκε σε:
Λεπτομέρειες βιβλιογραφικής εγγραφής
Άλλοι συγγραφείς: McCormick, Robert (Επιμελητής έκδοσης), Newey, Charles (Επιμελητής έκδοσης), Sparkes, John (Επιμελητής έκδοσης)
Μορφή: Βιβλίο
Γλώσσα:English
Δημοσίευση: Wokingham, England : Addison-Wesley, 1993
Θέματα:
Ετικέτες: Προσθήκη ετικέτας
Δεν υπάρχουν, Καταχωρήστε ετικέτα πρώτοι!

MARC

LEADER 00000nam a2200000 i 4500
001 1/86694
008 990719s1993 eng d
020 |a 0-201-63168-7 
035 |l 10052131 
040 |a GR-MY-UA  |b gre  |e aacr 
041 0 |a eng 
082 0 |a 607.1 
245 1 0 |a Technology for technology education /  |c edited by Robert McCormick, Charles Newey, John Sparkes 
260 |a Wokingham, England :   |b Addison-Wesley,   |c 1993 
300 |a 282 p. 
650 0 0 |a Technology  |x Study and teaching. 
650 0 0 |a Technology  |x Study and teachning  |z Great Britain. 
700 1 |a McCormick, Robert.  |4 edt 
700 1 |a Newey, Charles.  |4 edt 
700 1 |a Sparkes, John.  |4 edt 
852 |a INST  |b RHODES  |e 19990719  |h 607.1 TEC  |p 005400014823  |q 005400014823  |t BK  |y 0 
901 |a BIBL4-1999-2 
909 |a Ρ  |b 065571 
922 |a 4ΕΛΗ  |b 199905  |c ΚΠΣ/154  |d LEADER 
970 |z 1999/07/19  |a ΚΟΥΛΑΚΙΟΤΗ  |b ΛΙΤΣΑ